000 00427nam a22001337a 4500
040 _cRUA
082 _aMGR UN 2009 B417 Or.1
100 _aUN SOPHEA;
245 _aMarket channel and trade of fermented small-sized fish paste in cambodia,
260 _aPhnom Penh
_bRUA
_c2009
300 _axviii; 141p.
_bill.
_c29cm.
856 _uhttps://drive.google.com/file/d/1CZTbQ5J3j3SWekxHcOdgnAdcyY4V5dvc/view?usp=sharing
942 _cNRM
999 _c6886
_d6886